00710nam a22002411 4500001000500000005001700005020001800022040002200040050001600062082001000078100001000088245003100098250002000129260003400149300004600183490003400229505000800263520008300271521002100354521002000375650004700395650002600442158620250827144902.0 a9780590994491 aDLCcMBdDLCbeng00aQP434.A431800a612.80 aAliki10aMy five senses /cby Aliki aRevised Edition aNew York :bScholastic,c1962 a31 pages :bcolors illustrations ;c18 cm0 aLet's-read-and-find-out books aN  aA simple presentation of the five senses, demonstrating some ways we use them. a590 bLexile AD aN bRaz-Plus  0aSenses and sensationxJuvenile literature. 1aSenses and sensation.